Los bronces de Osuna / (Registro nro. 163761)

Detalles MARC
000 -LEADER
campo de control de longitud fija 00844nam a22002055i 4500
001 - NÚMERO DE CONTROL
campo de control 163761
003 - IDENTIFICADOR DE NÚMERO DE CONTROL
campo de control ES-MaACL
005 - FECHA Y HORA DE LA ÚLTIMA TRANSACCIÓN
campo de control 20250713063723.0
008 - DATOS DE LONGITUD FIJA--INFORMACIÓN GENERAL
campo de control de longitud fija 010604s1873 sp |||| | spa d
040 ## - FUENTE DE CATALOGACIÓN
Centro catalogador/agencia de origen CCPB | B
Lengua de catalogación spa
Centro/agencia transcriptor CCPB | B
100 1# - ENTRADA PRINCIPAL--NOMBRE DE PERSONA
Nombre de persona Rodríguez de Berlanga, Manuel,
Fechas asociadas al nombre 1825-1909
9 (RLIN) 98441
245 14 - MENCIÓN DEL TÍTULO
Título Los bronces de Osuna /
Mención de responsabilidad, etc. que publica Manuel Rodríguez de Berlanga.
260 ## - PUBLICACIÓN, DISTRIBUCIÓN, ETC.
Lugar de publicación, distribución, etc. Málaga :
Nombre del editor, distribuidor, etc. [s.n.],
Fecha de publicación, distribución, etc. 1873 (
Fabricante imprenta que fue de José Martinez de Aguilas, hoy de Ambrosio Rubio y Alonso Cano)
300 ## - DESCRIPCIÓN FÍSICA
Extensión [8], 256 p., [8] h. pleg. ;
Dimensiones 24 cm.
596 ## - NOTA AL PIE DE IMPRENTA
NOTA AL PIE DE IMPRENTA El imp. consta en colofón.
650 #4 - PUNTO DE ACCESO ADICIONAL DE MATERIA--TÉRMINO DE MATERIA
Término de materia o nombre geográfico como elemento de entrada Inscripciones latinas-
Subdivisión geográfica Osuna.
9 (RLIN) 152282
651 #4 - PUNTO DE ACCESO ADICIONAL DE MATERIA--NOMBRE GEOGRÁFICO
Nombre geográfico Osuna-
Subdivisión general Restos arqueológicos romanos.
9 (RLIN) 152283
852 ## - LOCALIZACIÓN
Ubicación ES-MaACL
Número de control de estantería F-764
Nota libre -- Enc. pasta española conservando la cub. original
Existencias
Estatus retirado Estado de pérdida Estado de daño No para préstamo Colección Biblioteca de origen Biblioteca actual Ubicación en estantería Fecha de adquisición Fuente de adquisición Total de préstamos Signatura topográfica completa Código de barras Visto por última vez Precio de reemplazo Tipo de ítem Koha
        Libros del s. XIX Biblioteca del Ateneo de Madrid Biblioteca del Ateneo de Madrid Depósito 2 17/01/2008     F-764 1171618 23/02/2023 23/02/2023 Libro impreso antiguo